000 00696nam a2200229Ia 4500
001 15267
003 GE_BSU
008 181216s||||||||xx |||||||||||||| ||und||
040 _cGE_BSU
080 _a821.353.1-31
100 _aშენგელაია,დემნა
245 _aბათა ქექია
245 _bრომანი
245 _cრედ.ც.ჩხეიძე, ე. უბილავა. მხატვ.ზ. ფორჩხიძე
260 _aთბილისი
260 _bნაკადული
260 _c1966
300 _a343გვ.21სმ.
653 _aბათა ქექია
653 _aრომანი
942 _cBK
999 _c48379
_d48379